000 00727nam a2200241 a 4500
001 BRL_473
005 20190320210746.0
008 190813s1996----mx-a######---#000-0#spa-#
020 _a9686959440
041 _aspa
044 _amx
050 4 _aTX716.M4
_b.B64 1996
100 1 _aBoehm de Lameiras, Brigitte
_924023
245 1 0 _aComer y vivir en Guadalajara
_bdivertimento histórico-culinario
_cBrigitte Boehm de Lameiras
260 _aZapopan, Jalisco
_bColegio de Jalisco
_c1996
300 _axvii, 193 p.
_bil.
_c21 cm.
500 _aAu502
650 1 4 _aCocina mexicana
_924024
650 1 4 _aGastronomía
_921074
651 4 _aGuadalajara, México
_xVida social y costumbres
_924025
902 _aGRL
942 _2lcc
_cB
999 _c9285
_d9285